00500nam a2200193 a 4500001001300000003000900013005001700022008004100039020000800080082001300088100002300101245006200124260002900186300001000215500003500225505001100260650001200271700002300283nice12345678IN_TiNIC20260116015419.0141117s2013 kola grp 000 0 eng  ac000a226bJAM aJamir, Menjiwapong aUnderstanding the Jesus Movement in the Gospel Traditions aKolkata bSCEPTRE c2013 a388p  aincludes index and biblioraphy2 abiblio aGospels1 aJamir, Menjiwapong